Sprachgebrauch im Wandel. Entwicklung der Wirtschaftssprache im Slowakischen

Guardado en:
Detalles Bibliográficos
Autor principal: Štefančík, Radoslav, 1976-
Formato: Capítulo de libro
Lenguaje:alemán
Materias:
Etiquetas: Agregar Etiqueta
Sin Etiquetas, Sea el primero en etiquetar este registro!

MARC

LEADER 00000naa$a2200000$$$4500
001 0241614
005 20240502083648.5
041 0 |a ger 
044 |a DE 
245 1 0 |a Sprachgebrauch im Wandel. Entwicklung der Wirtschaftssprache im Slowakischen  |c Radoslav Štefančík 
610 2 0 |a jazyk odborný 
610 2 0 |a jazykoveda 
610 2 0 |a obchod 
610 2 0 |a slovenčina 
610 2 0 |a časopisy 
610 2 0 |a tlač 
100 1 |a Štefančík, Radoslav, 1976-